Medzinárodné organizácie a ich marketingové aktivity

Medzinárodné organizácie sú v podstate nový fenomén v medzinárodných vzťahoch, ktoré si v nich vydobili, napriek pomerne mladej existencii, pomerne významné postavenie. Analýza role a funkcií medzinárodných organizácií, ktoré majú, vzťah k skutočnosti, že medzinárodné organizácie, podobne ako firmy,...

Descrizione completa

Salvato in:
Dettagli Bibliografici
Autore principale: Grešš, Martin, 1978-
Natura: Capitolo di libro
Lingua:slovacco
Soggetti:
Tags: Aggiungi Tag
Nessun Tag, puoi essere il primo ad aggiungerne!!

MARC

LEADER 00000nla$a2200000$$$4500
001 0082309
005 20240502071926.2
041 0 |a slo 
044 |a SK 
245 1 0 |a Medzinárodné organizácie a ich marketingové aktivity  |c Martin Grešš 
520 |a Medzinárodné organizácie sú v podstate nový fenomén v medzinárodných vzťahoch, ktoré si v nich vydobili, napriek pomerne mladej existencii, pomerne významné postavenie. Analýza role a funkcií medzinárodných organizácií, ktoré majú, vzťah k skutočnosti, že medzinárodné organizácie, podobne ako firmy, realizujú určité marketingové aktivity. Tieto aktivity slúžia najmä na zviditeľnenie sa organizácie a budovanie goodwillu. Medzinárodné organizácie sú založené nie za účelom dosahovania zisku pre svojich členov, ale za účelom riešenia spoločných problémov svojich členov. 
610 2 0 |a organizácie medzinárodné 
610 2 0 |a vzťahy medzinárodné 
610 2 0 |a marketing 
610 2 0 |a goodwill 
100 1 |a Grešš, Martin, 1978-